Study on clone methodology of acacia in camgra investment group company sihanuok province, សិក្សាអំពីវិធីសាស្ដ្រក្លូនអាកាស្យា នៅក្រុមហ៊ុនCAMGRA INVESTMENT GROUPខេត្តព្រះសីហនុ (Record no. 3415)

000 -LEADER
fixed length control field 00644nam a22001337a 4500
040 ## - CATALOGING SOURCE
Transcribing agency RUA
082 ## - DEWEY DECIMAL CLASSIFICATION NUMBER
Classification number FOR SEM 2012 B140 Or.1
100 ## - MAIN ENTRY--AUTHOR NAME
Personal name SEM, SINUON.
245 ## - TITLE STATEMENT
Title Study on clone methodology of acacia in camgra investment group company sihanuok province, សិក្សាអំពីវិធីសាស្ដ្រក្លូនអាកាស្យា នៅក្រុមហ៊ុនCAMGRA INVESTMENT GROUPខេត្តព្រះសីហនុ
260 ## - PUBLICATION, DISTRIBUTION, ETC. (IMPRINT)
Place of publication Phnom Penh
Name of publisher RUA
Year of publication 2012
300 ## - PHYSICAL DESCRIPTION
Number of Pages x; 48p.
Other physical details ill.
Dimensions 29cm.
856 ## - ELECTRONIC LOCATION AND ACCESS
Uniform Resource Identifier https://drive.google.com/file/d/17LQBHuJYW8Q8valqgEnf9g5A0r8ohskz/view?usp=sharing
942 ## - ADDED ENTRY ELEMENTS (KOHA)
Koha item type FOR
952 ## - LOCATION AND ITEM INFORMATION (KOHA)
Withdrawn status [LOCAL, KOHA] 0
952 ## - LOCATION AND ITEM INFORMATION (KOHA)
Withdrawn status [LOCAL, KOHA] 0
952 ## - LOCATION AND ITEM INFORMATION (KOHA)
Withdrawn status [LOCAL, KOHA] 0
952 ## - LOCATION AND ITEM INFORMATION (KOHA)
Withdrawn status [LOCAL, KOHA] 0
952 ## - LOCATION AND ITEM INFORMATION (KOHA)
Withdrawn status [LOCAL, KOHA] 0
952 ## - LOCATION AND ITEM INFORMATION (KOHA)
Withdrawn status [LOCAL, KOHA] 0
952 ## - LOCATION AND ITEM INFORMATION (KOHA)
Withdrawn status [LOCAL, KOHA] 0
952 ## - LOCATION AND ITEM INFORMATION (KOHA)
Withdrawn status [LOCAL, KOHA] 0
Holdings
Permanent Location Date acquired Koha item type Lost status Shelving location Barcode Current Location Full call number
Library Block B2015-11-14FOR B140RUA012732Library Block BFOR SEM 2012 B140 Or.1
Library Block B2015-11-14FOR B140RUA012660Library Block BFOR SEM 2012 B140 Or.2
Library Block B2015-11-14FOR B140RUA027997Library Block BFOR SEM 2012 B140 Or.3
Library Block B2015-11-14FOR B140RUA027788Library Block BFOR SEM 2012 B140 Or.4
Library Block B2015-11-14FOR B140RUA027738Library Block BFOR SEM 2012 B140 Or.5
Library Block B2015-11-14FOR B140RUA027752Library Block BFOR SEM 2012 B140 Or.6
Library Block B2015-11-14FOR B140RUA027860Library Block BFOR SEM 2012 B140 Or.7
Library Block B2015-11-14FOR B140RUA027811Library Block BFOR SEM 2012 B140 Or.8
មជ្ឈមណ្ឌលឯការនៃសាកលវិទ្យាល័យភូមិន្ទកសិកម្មចំការដូង

Powered by Koha